000 00611nam a2200193 i 4500
001 100699
003 ES-MaACL
005 20230906182728.0
007 t|
008 051004s1917 zzz ||||1| eng d
100 1 _aMasi, L.
_978715
245 1 0 _aChalcididae of the Seychelles Islands /
_cL. Masi ; with an appendix by J. J. Kieffer.
260 _a[Ss.l. :
_bs.n.],
_c1917.
300 _aP. [121]-230 :
_bil. ;
_c29 cm.
500 _a(From "Novitates Zoologicae" vol. XXIV. May. 1917)
650 4 _aCalcĂ­didos-
_zSeychelles.
_9159290
700 1 _aKieffer, J. J.
_9159289
852 _aES-MaACL
_j1540-F-11
999 _c100699
_d100699